Inovačná výkonnosť malých a stredných podnikov na Slovensku
Najdôležitejšie oblasti nízkej inovačnej výkonnosti MSP na Slovensku. Príčiny nízkej inovačnej výkonnosti a opatrenia zamerané na zlepšenie súčasnej nepriaznivej situácie. Hodnotenie inovačnej výkonnosti podľa Európskej komisie - hodnotiaca tabuľka inovácií (European Innovation Scoreboard).
Enregistré dans:
| Auteur principal: | |
|---|---|
| Autres auteurs: | , |
| Format: | Chapitre de livre |
| Langue: | slovaque |
| Sujets: | |
| Tags: |
Pas de tags, Soyez le premier à ajouter un tag!
|
MARC
| LEADER | 00000nla a2200000 4500 | ||
|---|---|---|---|
| 001 | 0238189 | ||
| 005 | 20240524071534.5 | ||
| 041 | 0 | |a slo | |
| 044 | |a SK | ||
| 245 | 1 | 0 | |a Inovačná výkonnosť malých a stredných podnikov na Slovensku |c Helena Majdúchová, Daniela Rybárová, Slávka Šagátová |
| 520 | |a Najdôležitejšie oblasti nízkej inovačnej výkonnosti MSP na Slovensku. Príčiny nízkej inovačnej výkonnosti a opatrenia zamerané na zlepšenie súčasnej nepriaznivej situácie. Hodnotenie inovačnej výkonnosti podľa Európskej komisie - hodnotiaca tabuľka inovácií (European Innovation Scoreboard). | ||
| 610 | 2 | 0 | |a inovácia |
| 610 | 2 | 0 | |a podnik malý |
| 610 | 2 | 0 | |a podnik stredný |
| 610 | 2 | 0 | |a výkonnosť inovačná |
| 610 | 2 | 0 | |a Európska komisia |
| 100 | 1 | |a Majdúchová, Helena, 1963- | |
| 700 | 1 | |a Rybárová, Daniela, 1967- | |
| 700 | 1 | |a Šagátová, Slavka, 1975- | |